[Event "AUS-ch"]
[Site "Cammeray"]
[Date "2018.01.03"]
[Round "2"]
[White "Dale, Ari"]
[Black "Cheng, Bobby Sky"]
[Result "1-0"]
[WhiteElo "2356"]
[BlackElo "2504"]
[PlyCount "69"]
[EventDate "2018.01.02"]
[EventType "swiss"]
[EventRounds "11"]
[EventCountry "AUS"]
[SourceTitle "CBM 182 Extra"]
[Source "ChessBase"]
[SourceDate "2018.02.23"]
[SourceVersion "1"]
[SourceVersionDate "2018.02.23"]
[SourceQuality "1"]

1. d4 Nf6 2. c4 e6 3. Nc3 Bb4 4. e3 0-0 5. Bd3 d5 6. a3 Bxc3+ 7. bxc3 dxc4 8. Bxc4 c5 9. Nf3 Qc7 10. Ba2 b6 11. 0-0 Bb7 12. Re1 Nbd7 13. Bb2 Rad8 14. Qe2 e5 15. Rad1 h6 16. h3 Rfe8 17. d5 e4 18. Nh2 Ne5 19. c4 Rd6 20. Rf1 b5 21. Bxe5 Rxe5 22. Qb2 Rg5 23. Qxb5 Bc8 24. Kh1 Rb6 25. Qa5 Ne8 26. Qc3 Rbg6 27. Rg1 Nd6 28. Bb1 Ba6 29. Ba2 Bc8 30. Bb1 Qe7 31. f4 Rh5 32. Qe1 Bg4 33. hxg4 Rxg4 34. g3 Nf5 35. Qe2 1-0

[Event "Melbourne Australasian GM"]
[Site "Melbourne"]
[Date "2017.12.11"]
[Round "3"]
[White "Dale, Ari"]
[Black "Smirnov, Anton"]
[Result "1/2-1/2"]
[WhiteElo "2390"]
[BlackElo "2525"]
[PlyCount "100"]
[EventDate "2017.12.09"]
[EventType "tourn"]
[EventRounds "9"]
[EventCountry "AUS"]
[EventCategory "9"]
[SourceTitle "CBM 182 Extra"]
[Source "ChessBase"]
[SourceDate "2018.02.23"]
[SourceVersion "1"]
[SourceVersionDate "2018.02.23"]
[SourceQuality "1"]

1. d4 Nf6 2. c4 e6 3. Nc3 Bb4 4. e3 0-0 5. Bd3 d5 6. Nge2 dxc4 7. Bxc4 c5 8. 0-0 b6 9. a3 Bxc3 10. Nxc3 cxd4 11. exd4 Qc7 12. Qe2 Bb7 13. Rd1 Rc8 14. Ba2 Qd6 15. Bg5 Nbd7 16. Bh4 Nd5 17. Bg3 Nxc3 18. bxc3 Qe7 19. d5 e5 20. d6 Qf6 21. Qg4 Bc6 22. Bd5 Qd8 23. Qf5 Bxd5 24. Rxd5 g6 25. Qd3 Qf6 26. Re1 Re8 27. Qb5 Rad8 28. f4 e4 29. Re3 a6 30. Qxa6 Qe6 31. c4 f5 32. Bh4 Ra8 33. Qb5 Ra5 34. Qc6 Rea8 35. Rxa5 Rxa5 36. Qc8+ Kg7 37. Be1 Rc5 38. Bc3+ Kf7 39. Qh8 Qxd6 40. Qxh7+ Ke8 41. Qg8+ Nf8 42. Bb4 Qd4 43. Bxc5 bxc5 44. Kf2 Qd2+ 45. Re2 Qxf4+ 46. Kg1 Qc1+ 47. Kf2 Qf4+ 48. Kg1 Qc1+ 49. Kf2 Qf4+ 50. Kg1 Qc1+ 1/2-1/2

[Event "Melbourne Australasian GM"]
[Site "Melbourne"]
[Date "2017.12.09"]
[Round "1"]
[White "Kuybokarov, Temur"]
[Black "Dale, Ari"]
[Result "1-0"]
[WhiteElo "2468"]
[BlackElo "2390"]
[PlyCount "63"]
[EventDate "2017.12.09"]
[EventType "tourn"]
[EventRounds "9"]
[EventCountry "AUS"]
[EventCategory "9"]
[SourceTitle "CBM 182 Extra"]
[Source "ChessBase"]
[SourceDate "2018.02.23"]
[SourceVersion "1"]
[SourceVersionDate "2018.02.23"]
[SourceQuality "1"]

1. e4 c6 2. d4 d5 3. e5 Bf5 4. h4 h5 5. Bd3 Bxd3 6. Qxd3 Qa5+ 7. Nd2 Qa6 8. c4 e6 9. Ngf3 Nd7 10. 0-0 Ne7 11. b3 Rd8 12. a4 Nf5 13. Qc3 Be7 14. Ba3 Bxa3 15. Rxa3 dxc4 16. bxc4 c5 17. d5 0-0 18. Ne4 Rfe8 19. d6 Qb6 20. a5 Qc6 21. Re1 Rb8 22. Qc1 b5 23. axb6 Qxb6 24. Qg5 g6 25. Rea1 Rb7 26. Ra6 Qb2 27. Rxa7 Rxa7 28. Rxa7 Qb1+ 29. Kh2 Qxe4 30. Rxd7 Qxc4 31. Rd8 Qa4 32. d7 1-0

[Event "Adelaide Lidums GM"]
[Site "Adelaide"]
[Date "2017.12.05"]
[Round "5"]
[White "Dale, Ari"]
[Black "Praggnanandhaa, Rameshbabu"]
[Result "0-1"]
[WhiteElo "2390"]
[BlackElo "2517"]
[PlyCount "64"]
[EventDate "2017.12.02"]
[EventType "tourn"]
[EventRounds "9"]
[EventCountry "AUS"]
[EventCategory "8"]
[SourceTitle "CBM 182 Extra"]
[Source "ChessBase"]
[SourceDate "2018.02.23"]
[SourceVersion "1"]
[SourceVersionDate "2018.02.23"]
[SourceQuality "1"]

1. d4 d5 2. c4 Nc6 3. Nc3 Nf6 4. Nf3 dxc4 5. d5 Na5 6. Qa4+ c6 7. b4 b5 8. Qxa5 Qxa5 9. bxa5 b4 10. Nd1 cxd5 11. g3 e6 12. Bg2 Rb8 13. 0-0 Rb5 14. Ne5 Bd6 15. Nc6 Bd7 16. a4 Rb7 17. Nd4 a6 18. Ne3 Rc7 19. f4 0-0 20. h3 Bc5 21. Rd1 Rb8 22. g4 Ba7 23. g5 Ne8 24. f5 b3 25. fxe6 fxe6 26. Nxd5 exd5 27. Bxd5+ Kh8 28. Bf4 b2 29. Rab1 Bxa4 30. Bxc7 Nxc7 31. Be4 Bxd1 32. Rxd1 Nb5 0-1

[Event "Adelaide Lidums GM"]
[Site "Adelaide"]
[Date "2017.12.04"]
[Round "4"]
[White "Cheng, Bobby Sky"]
[Black "Dale, Ari"]
[Result "1-0"]
[WhiteElo "2483"]
[BlackElo "2390"]
[PlyCount "45"]
[EventDate "2017.12.02"]
[EventType "tourn"]
[EventRounds "9"]
[EventCountry "AUS"]
[EventCategory "8"]
[SourceTitle "CBM 182 Extra"]
[Source "ChessBase"]
[SourceDate "2018.02.23"]
[SourceVersion "1"]
[SourceVersionDate "2018.02.23"]
[SourceQuality "1"]

1. d4 Nf6 2. c4 g6 3. Nc3 Bg7 4. e4 d6 5. h3 0-0 6. Nf3 e5 7. d5 Na6 8. Bg5 Qe8 9. g4 Nd7 10. Rg1 Kh8 11. Be2 f5 12. gxf5 gxf5 13. Nh4 Ndc5 14. Bh5 Nd3+ 15. Kd2 Nxb2 16. Qe2 Nxc4+ 17. Ke1 Qd7 18. Ng6+ hxg6 19. Bxg6 Kg8 20. Qh5 Rf7 21. Qh7+ Kf8 22. Bxf7 Qxf7 23. Bh6 1-0

[Event "Adelaide Lidums GM"]
[Site "Adelaide"]
[Date "2017.12.04"]
[Round "3"]
[White "Dale, Ari"]
[Black "Sukandar, Irine Kharisma"]
[Result "0-1"]
[WhiteElo "2390"]
[BlackElo "2384"]
[PlyCount "74"]
[EventDate "2017.12.02"]
[EventType "tourn"]
[EventRounds "9"]
[EventCountry "AUS"]
[EventCategory "8"]
[SourceTitle "CBM 182 Extra"]
[Source "ChessBase"]
[SourceDate "2018.02.23"]
[SourceVersion "1"]
[SourceVersionDate "2018.02.23"]
[SourceQuality "1"]

1. d4 Nf6 2. c4 e6 3. Nc3 d5 4. cxd5 exd5 5. Bg5 Be7 6. e3 c6 7. Bd3 Nbd7 8. Nf3 0-0 9. 0-0 Re8 10. Qc2 h6 11. Bf4 Nf8 12. h3 Bd6 13. Bxd6 Qxd6 14. Rab1 Be6 15. b4 a6 16. Na4 Rad8 17. Nc5 Bc8 18. a4 Ne6 19. Rfc1 Ng5 20. Nxg5 hxg5 21. Bf5 b6 22. Bxc8 Rxc8 23. Nxa6 g4 24. Qf5 gxh3 25. Qxh3 Ne4 26. Rc2 g6 27. Rbc1 Kg7 28. Qh2 Qd7 29. Qf4 g5 30. Qf3 Rh8 31. b5 Qd6 32. g3 Qh6 33. Rd1 Qh2+ 34. Kf1 cxb5 35. Nc7 b4 36. Rd3 Qh3+ 37. Ke2 Qd7 0-1

[Event "Adelaide Lidums GM"]
[Site "Adelaide"]
[Date "2017.12.02"]
[Round "1"]
[White "Dale, Ari"]
[Black "Gong, Patrick"]
[Result "0-1"]
[WhiteElo "2390"]
[BlackElo "2286"]
[PlyCount "84"]
[EventDate "2017.12.02"]
[EventType "tourn"]
[EventRounds "9"]
[EventCountry "AUS"]
[EventCategory "8"]
[SourceTitle "CBM 182 Extra"]
[Source "ChessBase"]
[SourceDate "2018.02.23"]
[SourceVersion "1"]
[SourceVersionDate "2018.02.23"]
[SourceQuality "1"]

1. d4 Nf6 2. c4 c5 3. d5 d6 4. Nc3 g6 5. e4 Bg7 6. Bd3 0-0 7. Nge2 Nfd7 8. f4 Na6 9. 0-0 Nc7 10. Kh1 a6 11. a4 Rb8 12. a5 b5 13. axb6 Nxb6 14. Ng3 e6 15. Ra3 exd5 16. exd5 f5 17. Nce2 Re8 18. Ng1 Nd7 19. Qc2 Nf6 20. Nf3 Ng4 21. Be2 Bd7 22. h3 Nf6 23. Bd3 a5 24. Qd2 a4 25. Bb1 Rb4 26. Ba2 Ne4 27. Nxe4 Rxe4 28. Ng5 Re7 29. Rg3 Qe8 30. h4 Re2 31. Qd1 Qe7 32. Rh3 Bxb2 33. Ne6 Rxe6 34. dxe6 Bc6 35. Bd2 Rb8 36. h5 Nxe6 37. Re1 Qf6 38. Bc1 Bxc1 39. Qxc1 Qb2 40. Qxb2 Rxb2 41. Rxe6 Bxg2+ 42. Kh2 Bd5+ 0-1